01018naa a2200193 i 45000010005000000030009000050050017000140080039000310400021000700800007000911000170000982450113002686500014003816500036003957000116004317730249005479420013007969990015008099180KOSZ 00520180321094258.0151123s2007 pl n f |000 0pol cBPKdKOSZ 005/EG a371 aKOPCZEWSKI, Marian.d1997 - .bPolitechnika Koszalińska - Instytut Polityki Społecznej i Stosunków Międzynarodowych,cZakład Polityki Społeczno-Gospodarczej10aKomunikacja interdyscyplinarna w procesie dydaktyczno-wychowawczym /cMarian Kopczewski, Ryszard Skrzypniak. 0aEdukacja. 0aKomunikacja interdyscyplinarna.1 aSKRZYPNIAK, Ryszard.bPolitechnika Koszalińska - Wydział Mechaniczny,cKatedra Nauk Pedagogicznychd1996 - .0 iW :tEdukacja w społeczeństwie "ryzyka" : bezpieczeństwo jako wartość. 3 / Matylda Gwoździcka-Piotrowska, Jarosław Wołejszo, Andrzej Zduniak (red. nauk.). -dPoznań : Wydaw. Wyższej Szkoły Bezpieczeństwa, 2007. -gs. 316-323 cROZ2UKD c9180d9180